Alive Tracklist (Yeat) - Statistics

General Stats
  • This quiz has been taken 30 times
  • The average score is 9 of 22
Answer Stats
Hint Answer % Correct
2 Tonka
76%
3 Died B4
64%
7 X ta C
64%
5 Bak 2 Bed
56%
22 Every Sunday
56%
16 Bizzzy
52%
4 Oh eX whY
52%
15 Twizzy
48%
14 War 1
48%
11 Balenci Feet
44%
8 Lifted
44%
6 Trendy
44%
9 Wavey Krazy
40%
17 2 Up
36%
18 Last Day
32%
12 Super Test
32%
1 Alwayz Alive
28%
10 Feel It
28%
21 Sleepwalking
28%
13 Swerve
28%
19 Tru To U
28%
20 Coming Down Outro
8%
No matching quizzes found
Score Distribution
Percent of People with Each Score
Percentile by Number Answered
Your Score History
You have not taken this quiz